000 00621nam a2200229Ia 4500
003 OSt
005 20220928125415.0
006 a|||||r|||| 00| 0
007 ta
008 220927b |||||||| |||| 00| 0 eng d
024 _a83870
037 _cAnnuals, Advances
040 _aSDCL
_cSDCL
_beng
041 _2eng
_aeng
082 _aD6,8(B2896), P4
100 _aSmith Peter
_9439099
245 0 _aApplied data structures with C++.
260 _aNew Delhi
_bNarosa
_c2004
300 _axvii,692p
_ccm.
942 _hD6,8(B2896), P4
_cREF
_2CC
999 _c782138
_d782138